MARC

Tag First Indicator Second Indicator Subfields
LEADER 00000cam a2200000 a 4500
001 in00004759021
008 040818s2004 flu 000 f eng d
005 20231127174616.9
035 |a (OCoLC)ocm56344415  
040 |a IG#  |b eng  |c IG#  |d OCLCQ  |d OCLCF  |d OCLCO  |d OCLCQ  |d MNU  |d OCLCO  |d PAU  |d TXA 
020 |a 1932667121 
020 |a 9781932667127 
035 |a (OCoLC)56344415 
043 |a n-us--- 
050 4 |a PS3613.E696  |b T48 2004 
082 0 4 |a 813/.6  |2 22 
100 1 |a Mercer, J. P.,  |e author. 
245 1 0 |a Threads of destiny /  |c by J.P. Mercer. 
264 1 |a Gainesville, Florida :  |b BookEnds Press,  |c [2004] 
300 |a 209 pages ;  |c 22 cm 
336 |a text  |b txt  |2 rdacontent 
337 |a unmediated  |b n  |2 rdamedia 
338 |a volume  |b nc  |2 rdacarrier 
500 |a "An exciting new sequel to Incommunicado"--Cover. 
500 |a The Cushing Library/Women & Gender Studies copy was acquired as part of The Arden Eversmeyer Collection.  |5 TXA 
610 1 0 |a United States.  |b Federal Bureau of Investigation  |x Officials and employees  |v Fiction. 
650 0 |a Lesbians  |v Fiction. 
650 0 |a Vintners  |v Fiction. 
650 0 |a Serial murder investigation  |v Fiction. 
610 1 6 |a États-Unis.  |b Federal Bureau of Investigation  |x Fonctionnaires  |v Romans, nouvelles, etc. 
650 6 |a Lesbiennes  |v Romans, nouvelles, etc. 
650 6 |a Négociants en vins  |v Romans, nouvelles, etc. 
650 6 |a Meurtres en série  |x Enquêtes  |v Romans, nouvelles, etc. 
610 1 7 |a United States.  |b Federal Bureau of Investigation.  |2 fast  |0 (OCoLC)fst00528882 
650 7 |a Employees.  |2 fast  |0 (OCoLC)fst00909111 
650 7 |a Lesbians.  |2 fast  |0 (OCoLC)fst00996540 
650 7 |a Serial murder investigation.  |2 fast  |0 (OCoLC)fst01113109 
650 7 |a Vintners.  |2 fast  |0 (OCoLC)fst01167087 
655 7 |a Fiction.  |2 fast  |0 (OCoLC)fst01423787 
655 7 |a Lesbian fiction.  |2 lcgft 
938 |a Ingram  |b INGR  |n 1932667121 
029 0 |a IG#  |b 1932667121 
994 |a Z0  |b TXA 
948 |h HELD BY TXA - 5 OTHER HOLDINGS 
999 f f |s 5fc77134-54e7-4aa7-bad7-bebf97dc2f45  |i 751cf288-54e4-4862-8c63-7ffd804834ef  |t 0 
952 f f |p noncirc  |a Texas A&M University  |b College Station  |c Cushing Memorial Library & Archives  |d Cushing: Women & Gender Studies (Does not check out)  |t 0  |e PS3613.E696 T48 2004  |h Library of Congress classification  |i unmediated -- volume  |m A14853213666 
998 f f |a PS3613.E696 T48 2004  |t 0  |l Cushing: Women & Gender Studies (Does not check out)